State Symbols of Ukraine: Constitutional and Legal Aspect

Otázky týkajúce sa legislatívnej konsolidácie a používania štátnych symbolov Ukrajiny

Gespeichert in:
Bibliographische Detailangaben
1. Verfasser: Kuznetsov, Igor
Format: Buchkapitel
Sprache:Englisch
Schlagworte:
Tags: Tag hinzufügen
Keine Tags, Fügen Sie das erste Tag hinzu!

MARC

LEADER 00000nla a2200000 4500
001 0235122
005 20240417075125.6
041 0 |a eng 
044 |a SK 
245 1 0 |a State Symbols of Ukraine: Constitutional and Legal Aspect  |c Igor Kuznetsov 
520 |a Otázky týkajúce sa legislatívnej konsolidácie a používania štátnych symbolov Ukrajiny 
610 2 0 |a Ukrajina 
610 2 0 |a ústava 
610 2 0 |a suverenita štátna 
610 2 0 |a právo štátne 
610 2 0 |a právo ústavné 
100 1 |a Kuznetsov, Igor